00482nam a2200193 a 4500001001300000003000900013005001700022008004100039020001200080082001300092100001900105245003600124260003700160300000800197500003500205505001700240650001200257700001900269nice12345678IN_TiNIC20260116012053.0050524s1964 lona grp 000 0 eng  ac244.800a264bPER aPerry, Michael aPatterns of Matins and Evensong aLondonbHodder & Stoughtonc1964 a88p aincludes index and biblioraphy2 aBibliography aWorship1 aPerry, Michael